| 000 | 00843nas a2200277 4500 | ||
|---|---|---|---|
| 001 | BR2019001358 | ||
| 003 | BR-BrBNA | ||
| 005 | 20231205131913.0 | ||
| 007 | ta | ||
| 008 | 230509b bl.|||p| |||| 00| 00por d | ||
| 040 |
_aBR-BrBNA _bpor _cBiblioteca Nacional de Agricultura |
||
| 041 | _a(En) | ||
| 072 | _aF03 | ||
| 100 | 1 | _aJeromini, T.S. | |
| 100 | 1 | _aMuniz, R.A. | |
| 100 | 1 | _aSilva, G.Z. da | |
| 100 | 1 | _aMartins, C.C. | |
| 245 | 1 | _aThe envelope method and substrate wetting in the germination test of onion seeds | |
| 650 | _aCEBOLA | ||
| 650 | _aTESTE DE SEMENTES | ||
| 650 | _aGERMINAÇÃO | ||
| 650 | _aCONTROLE DE QUALIDADE | ||
| 773 | 0 |
_tRevista Ciência Agronômica (Brazil) _xISSN 0045-6888 _g(Jan-Mar 2019), v. 50(1) p. 169-176 _wBR2019001358 |
|
| 909 |
_a202311 _bLúcia _c55 _dLúcia Elande |
||
| 942 |
_2AGRIS _n0 _cANA |
||
| 999 |
_c257384 _d257384 |
||